Discrete-time signal processing / (Record no. 179928)
[ view plain ]
| 000 -LEADER | |
|---|---|
| fixed length control field | 01215 a2200241 4500 |
| 003 - CONTROL NUMBER IDENTIFIER | |
| control field | Nust |
| 005 - DATE AND TIME OF LATEST TRANSACTION | |
| control field | 20221214104853.0 |
| 010 ## - LIBRARY OF CONGRESS CONTROL NUMBER | |
| LC control number | 98050398 |
| 020 ## - INTERNATIONAL STANDARD BOOK NUMBER | |
| International Standard Book Number | 0137549202 |
| 035 ## - SYSTEM CONTROL NUMBER | |
| System control number | (DLC) 98050398 |
| 040 ## - CATALOGING SOURCE | |
| Transcribing agency | Nust |
| 082 00 - DEWEY DECIMAL CLASSIFICATION NUMBER | |
| Classification number | 621.3822,OPP |
| 100 1# - MAIN ENTRY--PERSONAL NAME | |
| Personal name | Oppenheim, Alan V., |
| 9 (RLIN) | 69572 |
| 245 10 - TITLE STATEMENT | |
| Title | Discrete-time signal processing / |
| Statement of responsibility, etc. | Alan V. Oppenheim, Ronald W. Schafer, with John R. Buck. |
| 250 ## - EDITION STATEMENT | |
| Edition statement | 2nd ed. |
| 260 ## - PUBLICATION, DISTRIBUTION, ETC. | |
| Place of publication, distribution, etc. | Upper Saddle River, N.J. : |
| Name of publisher, distributor, etc. | Prentice Hall, |
| Date of publication, distribution, etc. | c1999. |
| 300 ## - PHYSICAL DESCRIPTION | |
| Extent | xxvi, 870 p. : |
| Other physical details | ill. ; |
| Dimensions | 25 cm. |
| 505 ## - FORMATTED CONTENTS NOTE | |
| Formatted contents note | Introduction (Page-1), Discrete-Time Signals and Systems (Page-8), The z-Transform (Page-94), Sampling of Continuous-Time Signals (Page-140), Transform Analysis of Linear Time-Invariant Systems (Page-240), Structures for Discrete-Time Systems (Page-340), Filter Design Techniques (Page-439), The Discrete Fourier Transform (Page-541), Computation of the Discrete Fourier Transform (Page-629), Fourier Analysis of Signals Using the Discrete Fourier Transform (Page-693), Discrete Hilbert Transforms (Page-775). |
| 650 #0 - SUBJECT ADDED ENTRY--TOPICAL TERM | |
| Topical term or geographic name entry element | Telecommunication Engineering. |
| 700 1# - ADDED ENTRY--PERSONAL NAME | |
| Personal name | Buck, John R. |
| 9 (RLIN) | 104814 |
| 700 1# - ADDED ENTRY--PERSONAL NAME | |
| Personal name | Schafer, Ronald W., |
| Dates associated with a name | 1938- |
| 9 (RLIN) | 83396 |
| 942 ## - ADDED ENTRY ELEMENTS (KOHA) | |
| Source of classification or shelving scheme | |
| Koha item type | Book |
| Withdrawn status | Lost status | Source of classification or shelving scheme | Damaged status | Not for loan | Collection code | Permanent Location | Current Location | Date acquired | Total Checkouts | Full call number | Barcode | Date last seen | Price effective from | Koha item type | Shelving location | Date last checked out | Public note |
|---|---|---|---|---|---|---|---|---|---|---|---|---|---|---|---|---|---|
| Military College of Signals (MCS) | Military College of Signals (MCS) | 12/12/2016 | 621.3822 OPP | MCS28707 | 12/08/2016 | 12/12/2016 | Book | ||||||||||
| Military College of Signals (MCS) | Military College of Signals (MCS) | 12/12/2016 | 1 | 621.3822,OPP | MCS28708 | 01/27/2023 | 12/12/2016 | Book | General Stacks | 01/26/2023 | Almirah No.36, Shelf No.6 | ||||||
| Military College of Signals (MCS) | Military College of Signals (MCS) | 12/12/2016 | 621.3822,OPP | MCS28709 | 12/08/2016 | 12/12/2016 | Book | General Stacks | Almirah No.36, Shelf No.6 | ||||||||
| Military College of Signals (MCS) | Military College of Signals (MCS) | 12/14/2022 | 5 | 621.3822,OPP | MCS37179 | 12/30/2024 | 12/14/2022 | Book | General Stacks | 12/17/2024 | Almirah No.36, Shelf No.6 | ||||||
| Military College of Signals (MCS) | Military College of Signals (MCS) | 01/28/2023 | 621.3822,OPP | MCS28694 | 01/28/2023 | 01/28/2023 | Book | General Stacks | Almirah No.36, Shelf No.6 | ||||||||
| Military College of Signals (MCS) | Military College of Signals (MCS) | 01/28/2023 | 4 | 621.3822,OPP | MCS36283 | 03/04/2024 | 01/28/2023 | Book | General Stacks | 01/08/2024 | Almirah No.36, Shelf No.6 | ||||||
| Military College of Signals (MCS) | Military College of Signals (MCS) | 03/08/2023 | 1 | 621.3822,OPP | MCS26814 | 10/16/2025 | 03/08/2023 | Book | General Stacks | 12/08/2023 | Almirah No.36, Shelf No.6 | ||||||
| Military College of Signals (MCS) | Military College of Signals (MCS) | 11/11/2025 | 621.3822,OPP | MCS28692 | 11/11/2025 | 11/11/2025 | Book | General Stacks | Almirah No.36, Shelf No.6 |
